000 00396cas a2200157 a 4500
022 _a1016-0507
040 _cNST
082 4 _a770 BOS 1997 C165 Or.
245 0 0 _aGraphis photo.
246 3 0 _aPhoto
260 _aZurich, Switzerland :
_bGraphis Press Corp.,
_cc1987-c1997.
300 _a10 v. :
_bill. ;
_c31 cm.
650 0 _aAdvertising photography
650 0 _aPhotography
942 _cAEDBB
999 _c19337
_d19337